000 00378nam a22001571a 4500
020 _a9788188804085
082 _aH1
_bDHA/U
100 _aDharmendra B R
245 _aUrja ke ansha/
_cby Dharmendra B R
260 _aNew Delhi:
_bAchinthya Prakashan,
_c2006.
300 _a128p.
650 _aPoetry Hindi
650 _aLiterature Hindi
650 _aLiterature
942 _cBK
999 _c48411
_d48411